Figures of Greek Mythology Quiz Stats

 Plays Quiz Updated Oct 18, 2018

Score 0/10 Timer 04:00
4 Plays Today
Feats Hero % Correct
Son of Zeus, completed 12 Labors to atone for the murder of his children.Heracles
95.7%
Greek Warrior in the Trojan War who killed Hector in a fit of rage.Achilles
78.5%
Husband of Medea who led the Argonauts in search of the Golden Fleece.Jason
76.8%
The founder of Mycenae who slew the Gorgon, Medusa.Perseus
61.3%
King of Ithaca, devised the strategem of the Trojan HorseOdysseus
56.9%
Navigated the labyrinth of King Minos of Crete and slew the Minotaur. Theseus
46.6%
A member of the Argonauts. Descended into Hades to retrieve his wife Eurydice.Orpheus
32.3%
The only female Argonaut, she was the first hunter to ever pierce the Calydonian Boar.Atalanta
17.2%
Tamed Pegasus as a mount and slew the Chimera.Bellerophon
15.8%
Founder of Thebes. Killed one of Ares' dragons.Cadmus
9%

You're not logged in!

Compare scores with friends on all Sporcle quizzes.
OR
Log In

Sporcle TV

Today on Sporcle TV


Watch our educational content, quiz creation guides, and fun videos on Sporcle TV.

Show Comments

Extras

Top Quizzes Today


Score Distribution

Your Account Isn't Verified!

In order to create a playlist on Sporcle, you need to verify the email address you used during registration. Go to your Sporcle Settings to finish the process.

Report this User

Report this user for behavior that violates our Community Guidelines.

Details: